[Event "Israeli Open Championship 2019"]
[Site "Jerusalem"]
[Date "2019.12.12"]
[Round "1.1"]
[White "Nabaty, Tamir"]
[Black "Kuritz, Zvi"]
[Result "1-0"]
[WhiteElo "2647"]
[BlackElo "1907"]
[Annotator "TA"]
[PlyCount "65"]
[EventDate "2019.12.12"]
[EventType "swiss"]
[EventCountry "ISR"]
[SourceTitle "playchess.com"]
[Source "ChessBase"]
[SourceQuality "1"]

{[%evp 10,65,21,18,39,36,91,101,101,100,99,79,170,158,160,175,163,102,209,198,214,215,263,266,262,251,324,312,356,255,381,343,413,402,384,338,368,356,399,383,466,380,503,495,481,473,552,531,614,438,820,805,790,700,1244,1212,1096,1131]} 1. b3 c5 2. Bb2 d5 3. e3 Nc6 4. Bb5 Nf6 5. Nf3 Bd7 6. O-O Qc7 {A06: Réti Opening:1 Nf3 d5} (6... e6 7. d4 cxd4 8. exd4 Be7 9. Re1 O-O 10. Nbd2 Qa5 11. Bf1 Ba3 12. Qc1 Bxb2 13. Qxb2 Rac8 14. a3 Ne7 {0-1 (58) Bareev,E (2643)-Anand,V (2756) Amsterdam 2019}) 7. c4 e6 {[#]} (7... dxc4 $14 8. Bxc4 a6) 8. Bxf6 $146 ({Predecessor:} 8. a3 a6 9. cxd5 Nxd5 10. Be2 f6 11. d4 cxd4 12. Nxd4 Bd6 13. g3 O-O {1-0 (39) Chadt Rausch,R (2250)-Schmidt,A Dortmund 1999}) 8... gxf6 {White is better.} 9. cxd5 exd5 10. Nc3 a6 (10... d4 $16) 11. Nxd5 $18 {[%mdl 64] Double Attack} Qd6 12. Nb6 {Hoping for Bxc6.} Rd8 13. Ba4 (13. Nxd7 $18 Qxd7 14. Bxc6 Qxc6 15. Rc1) 13... Qc7 (13... Be6 $16 {was necessary.}) 14. Nxd7 Qxd7 15. Bxc6 $1 bxc6 16. d4 Rg8 17. g3 h5 18. dxc5 Qg4 19. Nd4 Qe4 (19... Bxc5 $142 20. Qxg4 hxg4 21. Nxc6 Rd6) 20. Qxh5 Rd5 21. Qh3 f5 22. Qg2 Qxg2+ 23. Kxg2 f4 24. Nxc6 fxe3 25. b4 Kd7 26. Nb8+ {[%mdl 64] [#] Double Attack. White is clearly winning.} Kc8 27. Nxa6 e2 28. Rfe1 Bg7 29. Rac1 Re8 (29... Rd2 $142 30. a4 Bb2) 30. Rc2 Rde5 31. b5 Bf8 32. a4 {[%cal Ba2a4,Ba4a5][%mdl 32]} Kb7 33. a5 {Accuracy: White = 78%, Black = 16%.} 1-0

[Event "Israeli Open Championship 2019"]
[Site "Jerusalem"]
[Date "2019.12.12"]
[Round "1.2"]
[White "Gruzman, Ilya"]
[Black "Postny, Evgeny"]
[Result "0-1"]
[WhiteElo "1889"]
[BlackElo "2605"]
[Annotator "TA"]
[PlyCount "96"]
[EventDate "2019.12.12"]
[EventType "swiss"]
[EventCountry "ISR"]
[SourceTitle "playchess.com"]
[Source "ChessBase"]
[SourceQuality "1"]

{[%evp 24,96,41,2,38,23,31,20,26,19,26,25,36,27,22,10,16,0,0,-13,-2,-17,16,17,18,-16,-11,-37,-33,-33,-37,-64,-61,-81,-45,-76,-81,-68,-79,-108,-86,-116,-92,-167,-135,-187,-167,-241,-240,-256,-206,-204,-199,-177,-162,-183,-176,-208,-197,-232,-202,-336,-331,-483,-471,-455,-471,-500,-515,-799,-791,-1100,-1075,-1331,-1212]} 1. e4 e5 2. Nf3 Nc6 3. Bb5 a6 4. Ba4 Nf6 5. O-O Be7 6. Re1 b5 7. Bb3 d6 8. c3 O-O 9. h3 Nb8 10. d4 Nbd7 11. Nbd2 {[%cal Bb1d2,Bd2f1,Bf1g3][%mdl 32]} Bb7 12. Bc2 c5 13. Nf1 Qc7 {C95: Closed Ruy Lopez: Breyer Variation with 10 d4} (13... cxd4 14. cxd4 exd4 15. Nxd4 Re8 16. Nf5 Bf8 17. Nxd6 Bxd6 18. Qxd6 Bxe4 19. Bxe4 Nxe4 20. Qd4 Ndc5 21. Be3 {½-½ (50) Gopal,G (2594)-Kovalenko,I (2654) Riga 2019}) 14. Ng3 g6 15. Be3 Rfc8 {With the idea ...cxd4.The position is equal.} 16. Rc1 Bf8 17. Qd2 Nb6 $146 ({Predecessor:} 17... Qa5 18. dxc5 dxc5 19. a4 Rd8 20. Bh6 Ne8 21. Bxf8 Nxf8 {½-½ (34) Zajontz,R (2510)-Keuter,K (2436) ICCF email 2015}) 18. Bd3 Re8 19. d5 c4 20. Bb1 a5 21. Nh4 Nbd7 22. Bh6 Kh8 23. Bxf8 Rxf8 24. Qg5 Qd8 25. Rf1 (25. Nf3 {keeps more tension.} Ba6 26. Nd2 Qe7 27. f4 Ng8 28. Qg4) 25... Ng8 26. Qxd8 Raxd8 27. Ne2 Ne7 28. g3 Rde8 29. Ng2 f5 30. f3 Nc5 31. g4 Bc8 32. Kh2 Bd7 33. g5 (33. exf5 $17 gxf5 34. Ng3) 33... Kg7 34. h4 (34. exf5 $17 {might work better.} Bxf5 35. Ne3) 34... Rh8 35. Kg3 (35. Bc2 {keeps fighting.}) 35... h6 $19 36. Rh1 Rh7 37. gxh6+ Rxh6 38. Kf2 Ng8 39. Ng3 {[%cal Re4f5]} f4 40. Ne2 Nf6 41. Rcd1 Reh8 42. Rdg1 (42. Rhg1 $142) 42... Kf7 43. Ne1 (43. b4 $142 cxb3 44. axb3) 43... Rxh4 {Black is clearly winning.} 44. Rxh4 Rxh4 45. Rg2 Rh1 46. Bc2 (46. Rg1 $142 Rh2+ 47. Rg2 Rxg2+ 48. Nxg2) 46... Bh3 47. Rg1 Rh2+ 48. Ng2 Nd3+ {Accuracy: White = 29%, Black = 55%.} 0-1

[Event "Israeli Open Championship 2019"]
[Site "Jerusalem"]
[Date "2019.12.12"]
[Round "1.3"]
[White "Goni Ducay, Victor M."]
[Black "Bulkovstein, David"]
[Result "1-0"]
[WhiteElo "2187"]
[BlackElo "1889"]
[Annotator "ChessBase"]
[PlyCount "79"]
[EventDate "2019.12.12"]
[EventType "swiss"]
[EventCountry "ISR"]
[SourceTitle "playchess.com"]
[Source "ChessBase"]
[SourceQuality "1"]
[TimeControl "5400+30"]

1. Nf3 {[%emt 0:00:00]} f5 {[%emt 0:00:00]} 2. d3 {[%emt 0:00:00]} Nf6 {[%emt 0:00:00]} 3. e4 {[%emt 0:00:00]} d6 {[%emt 0:05:16]} 4. exf5 Bxf5 5. d4 {[%emt 0:00:34]} e6 {[%emt 0:19:13]} 6. Bd3 {[%emt 0:01:25]} Bxd3 {[%emt 0:07:21]} 7. Qxd3 {[%emt 0:00:06]} Nc6 {[%emt 0:01:08]} 8. Qb3 {[%emt 0:02:51]} Qd7 {[%emt 0:02:38]} 9. Qxb7 {[%emt 0:00:45]} Rb8 {[%emt 0:00:23]} 10. Qa6 {[%emt 0:00:02]} Be7 {[%emt 0:03:48]} 11. O-O {[%emt 0:00:46]} O-O {[%emt 0:00:22]} 12. c3 {[%emt 0:01:50]} Nd5 {[%emt 0:04:27]} 13. Qd3 {[%emt 0:06:48]} Rf5 {[%emt 0:05:12]} 14. Re1 {[%emt 0:04:06]} Rbf8 {[%emt 0:04:34]} 15. Qe4 {[%emt 0:00:34]} Nd8 {[%emt 0:04:37]} 16. Be3 {[%emt 0:16:28]} Qb5 {[%emt 0:11:49]} 17. Qc2 {[%emt 0:03:22]} Qe8 {[%emt 0:03:32]} 18. Qe2 {[%emt 0:01:08]} Qh5 {[%emt 0:07:55]} 19. Nbd2 {[%emt 0:01:44]} Nf6 {[%emt 0:06:22]} 20. h3 {[%emt 0:00:56]} Nd5 {[%emt 0:04:15]} 21. Nh2 {[%emt 0:16:42]} Qf7 {[%emt 0:02:55]} 22. Ndf3 {[%emt 0:00:47]} Rh5 {[%emt 0:01:06]} 23. Bd2 {[%emt 0:00:47]} h6 {[%emt 0:01:41]} 24. Qe4 {[%emt 0:05:17]} Rf5 {[%emt 0:00:40]} 25. Re2 {[%emt 0:10:38]} c6 {[%emt 0:00:59]} 26. Rae1 {[%emt 0:00:46]} Nf4 {[%emt 0:01:33]} 27. Bxf4 {[%emt 0:00:17]} Rxf4 {[%emt 0:00:03]} 28. Qd3 {[%emt 0:04:23]} a5 {[%emt 0:00:37]} 29. Re4 {[%emt 0:02:05]} Rf5 {[%emt 0:00:27]} 30. Nf1 {[%emt 0:00:33]} Rb5 {[%emt 0:00:48]} 31. b3 {[%emt 0:00:43]} Bf6 {[%emt 0:00:45]} 32. Ng3 {[%emt 0:01:00]} Re8 {[%emt 0:00:40]} 33. c4 {[%emt 0:02:23]} Rb7 {[%emt 0:00:18]} 34. Rf4 {[%emt 0:01:44]} Qd7 {[%emt 0:01:03]} 35. Qg6 {[%emt 0:01:22]} Rf8 {[%emt 0:00:21]} 36. Nh5 {[%emt 0:00:13]} Bg5 {[%emt 0:00:36]} 37. Nxg5 {[%emt 0:00:55]} Rxf4 {[%emt 0:00:22]} 38. Qh7+ {[%emt 0:00:20]} Kf8 {[%emt 0:00:15]} 39. Qh8+ {[%emt 0:00:06]} Ke7 {[%emt 0:00:18]} 40. Nxf4 {[%emt 0:00:06]} 1-0

[Event "Israeli Open Championship 2019"]
[Site "Jerusalem"]
[Date "2019.12.12"]
[Round "1.4"]
[White "Uritsky, Yonathan"]
[Black "Baron, Tal"]
[Result "1-0"]
[WhiteElo "1881"]
[BlackElo "2541"]
[Annotator "RC"]
[PlyCount "65"]
[EventDate "2019.12.12"]
[EventType "swiss"]
[EventCountry "ISR"]
[SourceTitle "playchess.com"]
[Source "ChessBase"]
[SourceQuality "1"]
[TimeControl "5400+30"]

1. e4 {[%emt 0:00:00]} c5 {[%emt 0:00:16]} 2. Nf3 {[%emt 0:00:00]} Nc6 {[%emt 0:00:09]} 3. d4 {[%emt 0:00:13]} cxd4 {[%emt 0:00:02]} 4. Nxd4 {[%emt 0:00:12]} Nf6 {[%emt 0:00:05]} 5. Nc3 {[%emt 0:00:15]} d6 {[%emt 0:00:07]} 6. Bg5 {[%emt 0:00:13]} e6 {[%emt 0:00:02]} 7. Qd2 {[%emt 0:00:44]} a6 {[%emt 0:00:03]} 8. O-O-O {[%emt 0:00:48]} Bd7 {[%emt 0:03:19]} 9. f4 {[%emt 0:01:56]} Be7 {[%emt 0:00:06]} 10. Be2 {[%emt 0:01:42]} Qc7 {[%emt 0:33:57]} 11. Bf3 {[%emt 0:02:28]} Rd8 {[%emt 0:10:53]} 12. Rhe1 {[%emt 0:03:08]} h6 {[%emt 0:02:16]} 13. Bh4 {[%emt 0:01:16]} Nxd4 {[%emt 0:07:10]} 14. Qxd4 {[%emt 0:00:13]} Bc6 {[%emt 0:00:13]} 15. Bf2 {[%emt 0:01:47]} O-O {[%emt 0:00:30]} 16. g4 {[%emt 0:03:02]} e5 {[%emt 0:06:10]} 17. Qb6 {[%emt 0:02:36]} Qc8 {[%emt 0:01:13]} 18. f5 {[%emt 0:05:15]} Nd7 {[%emt 0:00:07]} 19. Qa5 {[%emt 0:01:08]} Rfe8 {[%emt 0:03:27]} 20. h4 {[%emt 0:00:53]} b6 {[%emt 0:00:19]} 21. Bxb6 {[%emt 0:02:34]} Nxb6 {[%emt 0:00:12]} 22. Qxb6 {[%emt 0:00:10]} Bxh4 {[%emt 0:00:04]} 23. Rh1 {[%emt 0:00:36]} Bg5+ {[%emt 0:00:03]} 24. Kb1 {[%emt 0:00:13]} Re7 {[%emt 0:00:21]} 25. Be2 {[%emt 0:00:54]} Rb7 {[%emt 0:02:35]} 26. Qxa6 {[%emt 0:00:24]} Be3 {[%emt 0:00:43]} 27. Rh3 {[%emt 0:12:53]} Bd4 {[%emt 0:00:37]} 28. g5 {[%emt 0:01:26]} hxg5 {[%emt 0:03:37]} 29. Rdh1 {[%emt 0:00:26]} Kf8 {[%emt 0:00:59]} 30. Rh8+ {[%emt 0:03:45]} Ke7 {[%emt 0:00:02]} 31. Rxd8 {[%emt 0:01:23]} Kxd8 {[%emt 0:00:10]} 32. Rh8+ {[%emt 0:00:07]} Be8 {[%emt 0:00:05]} 33. Bb5 {[%emt 0:00:39]} 1-0

[Event "Israeli Open Championship 2019"]
[Site "Jerusalem"]
[Date "2019.12.12"]
[Round "1.5"]
[White "Flom, Gabriel"]
[Black "Levitan, Ronit"]
[Result "1-0"]
[WhiteElo "2506"]
[BlackElo "1876"]
[Annotator "TA"]
[PlyCount "83"]
[EventDate "2019.12.12"]
[EventType "swiss"]
[EventCountry "ISR"]
[SourceTitle "playchess.com"]
[Source "ChessBase"]
[SourceQuality "1"]

{[%evp 17,83,21,19,12,22,0,3,14,26,31,18,27,29,19,12,9,12,0,0,0,0,0,52,17,33,31,19,-45,-8,-45,-53,-39,-35,-33,-14,-72,2,0,34,0,0,0,0,0,0,0,0,0,0,0,0,0,7,0,0,0,3,0,0,0,0,0,5406,5402,29994,29995,29995,29996]} 1. d4 d5 2. c4 e6 3. Nc3 Be7 4. cxd5 exd5 5. Bf4 Nf6 6. e3 O-O 7. Bd3 c5 8. dxc5 Bxc5 9. Nf3 Nc6 10. O-O {D35: Queen's Gambit Declined: Exchange Variation} d4 11. Ne4 (11. exd4 {looks sharper.} Nxd4 12. h3 Be6 13. Rc1 Rc8 14. Re1) (11. exd4 Nxd4 12. h3 Bf5 13. Bxf5 Nxf5 14. Be5 Re8 15. Qa4 Nd5 16. Qg4 Nxc3 17. Qxf5 Ne2+ {½-½ (32) Ju,W (2557)-Tan,Z (2487) China 2015}) 11... Be7 12. Nxf6+ {The position is equal.} Bxf6 13. e4 Re8 $146 ({Predecessor:} 13... Bg4 14. h3 Bh5 15. g4 Bg6 16. a3 Re8 17. Re1 Qd7 {1-0 (40) Hort,V-Benko,P Hastings 1974}) 14. h3 Qb6 15. e5 Be7 16. Re1 Be6 17. Ng5 Bxg5 $1 18. Bxg5 h6 19. Bd2 Rad8 ({Better is} 19... Qxb2 $11 20. a4 Bb3) 20. Qh5 Nb4 ({But not} 20... Qxb2 $6 {[#]} 21. Bxh6 $1 {[%mdl 512]} gxh6 22. Qxh6 $18) 21. Bxb4 Qxb4 22. f4 (22. Qe2 $11) 22... Bc4 (22... Qxb2 {feels hotter.} 23. Qf3 Bd5 24. Qg3 Kh8 25. Kh2 Rc8) 23. a3 Qb5 24. Bxc4 Qxc4 25. Rac1 Qd5 {White should prevent ...d3.} 26. Qd1 (26. Rcd1 $11 {keeps the balance.}) 26... Rc8 (26... d3 $17 27. Qd2 f6 28. exf6 Qd4+ 29. Kh2 Rxe1 30. f7+ Kxf7 31. Rxe1 b6) 27. Qd3 $11 b5 (27... Rxc1 {keeps more tension.} 28. Rxc1 g5 29. Rf1 b6 30. b4 gxf4 31. Rxf4 Qxe5 32. Rxd4 Qe3+) 28. Red1 (28. Rcd1 {seems wilder.} Red8 29. Re4 Rc4 30. f5 Qc5 31. e6) 28... Rxc1 29. Rxc1 {[%mdl 4096] Endgame KQR-KQR} Rd8 30. b4 a6 31. Rc5 Qa2 32. f5 Qa1+ 33. Kf2 Qa2+ 34. Kf3 Re8 35. Kg3 Qa1 36. Kh2 {[#] Threatens to win with e6!} Rd8 $1 37. e6 Qe1 $1 38. exf7+ Kxf7 39. f6 $36 {[%mdl 2048] Rc7+ would kill now. White has some pressure.} Qe3 $2 {[%mdl 8192]} (39... Qe6 $11) 40. Qf5 $18 {Intending Rc7+ and mate.} g6 41. Rc7+ Kf8 42. Qc5+ {Accuracy: White = 47%, Black = 57%.} 1-0

[Event "Israeli Open Championship 2019"]
[Site "Jerusalem"]
[Date "2019.12.12"]
[Round "1.6"]
[White "Zlotogorski, Itay"]
[Black "Soffer, Ram"]
[Result "*"]
[WhiteElo "1863"]
[BlackElo "2490"]
[Annotator "TA"]
[PlyCount "32"]
[EventDate "2019.12.12"]
[EventType "swiss"]
[EventCountry "ISR"]
[SourceTitle "playchess.com"]
[Source "ChessBase"]
[SourceQuality "1"]

{[%evp 6,6,26]} 1. e4 c5 2. Nf3 e6 3. c3 d5 {Predecessor:} 4. exd5 $146 exd5 5. Bb5+ Bd7 6. Qe2+ Be7 7. d4 Nf6 8. dxc5 O-O 9. Be3 Re8 10. b4 a5 11. O-O Nc6 12. Bxc6 Bxc6 13. Nd4 Ne4 14. Qd3 Bf6 15. f3 axb4 16. fxe4 dxe4 {0-1 (30) Giri,A (2779)-Svidler,P (2729) Amsterdam 2019} *

[Event "Israeli Open Championship 2019"]
[Site "Jerusalem"]
[Date "2019.12.12"]
[Round "1.7"]
[White "Rechlis, Gad"]
[Black "Levin, Natan"]
[Result "1-0"]
[WhiteElo "2490"]
[BlackElo "1807"]
[Annotator "TA"]
[PlyCount "55"]
[EventDate "2019.12.12"]
[EventType "swiss"]
[EventCountry "ISR"]
[SourceTitle "playchess.com"]
[Source "ChessBase"]
[SourceQuality "1"]

{[%evp 16,71,58,47,81,22,102,28,114,101,113,117,131,132,188,187,184,176,181,145,155,117,164,150,161,162,162,156,282,300,308,303,377,350,343,330,406,409,838,810,1095,1081,1177,1144,1147,1126,29986,29987,29987,29988,29994,29991,29991,29992,29992,29993,29993,29994]} 1. Nf3 Nf6 2. g3 g6 3. Bg2 Bg7 4. O-O O-O 5. d4 d5 6. c4 c6 7. Qb3 Qb6 8. Nc3 dxc4 9. Qxc4 Nbd7 {D78: Fianchetto Grünfeld: 6 0-0 c6} (9... Be6 10. Qa4 Qa6 11. Qc2 Nd5 12. Bg5 Re8 13. Rfe1 Nxc3 14. bxc3 c5 15. Qe4 h6 16. Bf4 Nd7 17. Ne5 Nxe5 18. Bxe5 Bxe5 19. Qxe5 cxd4 20. cxd4 {½-½ (58) Esipenko,A (2611)-Pridorozhni,A (2588) Yaroslavl 2019}) 10. e4 $146 (10. Rd1 $16) ({Predecessor:} 10. Rd1 Qa5 11. Bg5 Re8 12. b4 Qb6 13. e4 e5 14. Bxf6 Bxf6 15. d5 c5 16. a3 cxb4 17. axb4 {1-0 (35) Vajda,S (2364)-Kovacsy,B (2124) Hungary 2018}) 10... e6 (10... e5 $1 $11 {remains equal.}) 11. Re1 (11. e5 $16 Nd5 12. b3) 11... a5 (11... e5 $1 $11) 12. Bf4 $16 Qb4 13. Qe2 Qe7 14. Rac1 b6 (14... h6 $16 15. h4 e5 16. Bxe5 (16. Nxe5 Nh5 $16) 16... Nxe5) 15. e5 $18 Nd5 16. Bg5 Qe8 17. Nxd5 cxd5 18. Qd2 Ba6 19. Rc7 Rc8 20. Rec1 Rxc7 21. Rxc7 h6 (21... Bb5 $16) 22. Bxh6 Qd8 23. Rc3 b5 24. Bxg7 Kxg7 25. Ng5 b4 26. Rc6 Nb6 {[#]} (26... Qa8 $142) 27. Rxe6 $1 {[%mdl 512]} Qc7 (27... fxe6 28. Nxe6+) 28. Qf4 {Played: Re6-f6} 1-0

[Event "Israeli Open Championship 2019"]
[Site "Jerusalem"]
[Date "2019.12.12"]
[Round "1.8"]
[White "Sobel, Alon"]
[Black "Gorodetzky, David"]
[Result "0-1"]
[WhiteElo "1804"]
[BlackElo "2483"]
[Annotator "ChessBase"]
[PlyCount "108"]
[EventDate "2019.12.12"]
[EventType "swiss"]
[EventCountry "ISR"]
[SourceTitle "playchess.com"]
[Source "ChessBase"]
[SourceQuality "1"]
[TimeControl "5400+30"]

1. d4 {[%emt 0:00:00]} Nf6 {[%emt 0:00:00]} 2. c4 {[%emt 0:00:00]} e6 {[%emt 0:00:00]} 3. Nc3 {[%emt 0:00:00]} Bb4 {[%emt 0:01:55]} 4. Qc2 {[%emt 0:00:00]} O-O {[%emt 0:01:49]} 5. Bg5 {[%emt 0:01:02]} d6 {[%emt 0:03:04]} 6. Nf3 {[%emt 0:00:46]} Nbd7 {[%emt 0:01:24]} 7. e3 {[%emt 0:02:10]} b6 {[%emt 0:07:11]} 8. Be2 {[%emt 0:01:49]} Bb7 {[%emt 0:00:30]} 9. O-O {[%emt 0:00:30]} Bxc3 {[%emt 0:00:30]} 10. bxc3 {[%emt 0:00:30]} c5 {[%emt 0:10:33]} 11. Rac1 {[%emt 0:06:08]} Qc7 {[%emt 0:03:13]} 12. Nd2 {[%emt 0:03:36]} Rfe8 {[%emt 0:06:28]} 13. f3 {[%emt 0:07:40]} Rac8 {[%emt 0:08:10]} 14. e4 {[%emt 0:03:55]} cxd4 {[%emt 0:10:55]} 15. cxd4 {[%emt 0:00:21]} e5 {[%emt 0:00:02]} 16. Nb3 {[%emt 0:04:46]} h6 {[%emt 0:00:30]} 17. Bxf6 {[%emt 0:00:30]} Nxf6 {[%emt 0:03:46]} 18. Qb2 {[%emt 0:11:49]} Qe7 {[%emt 0:03:25]} 19. Na1 {[%emt 0:08:32]} Nh5 {[%emt 0:02:46]} 20. g3 {[%emt 0:00:52]} Qg5 {[%emt 0:04:21]} 21. d5 {[%emt 0:05:24]} Nf4 22. Kf2 {[%emt 0:01:41]} Nxe2 {[%emt 0:14:48]} 23. Qxe2 {[%emt 0:00:36]} Ba6 24. Nb3 {[%emt 0:01:07]} Rc7 25. Rc2 {[%emt 0:38:46]} Rec8 {[%emt 0:17:10]} 26. Rfc1 {[%emt 0:00:00]} Qd8 {[%emt 0:00:00]} 27. Qd3 {[%emt 0:00:00]} Qd7 28. Nd2 {[%emt 0:01:30]} Rf8 {[%emt 0:00:00]} 29. Nf1 {[%emt 0:00:30]} Bc8 {[%emt 0:00:00]} 30. Ne3 {[%emt 0:00:00]} Qh3 {[%emt 0:00:00]} 31. Kg1 {[%emt 0:00:00]} f5 32. Nd1 {[%emt 0:01:30]} Rcf7 {[%emt 0:00:00]} 33. Nf2 {[%emt 0:00:00]} Qh5 {[%emt 0:00:00]} 34. Re1 {[%emt 0:01:00]} fxe4 {[%emt 0:02:05]} 35. fxe4 {[%emt 0:00:00]} Rxf2 {[%emt 0:00:15]} 36. Rxf2 Rxf2 {[%emt 0:00:02]} 37. Kxf2 Qxh2+ {[%emt 0:03:38]} 38. Ke3 {[%emt 0:00:00]} Bg4 {[%emt 0:00:30]} 39. Ra1 {[%emt 0:00:00]} h5 {[%emt 0:00:00]} 40. a4 {[%emt 0:00:00]} h4 41. a5 {[%emt 0:03:30]} h3 {[%emt 0:00:10]} 42. Qf1 {[%emt 0:00:00]} Qxg3+ {[%emt 0:00:32]} 43. Kd2 {[%emt 0:00:00]} h2 {[%emt 0:00:50]} 44. axb6 {[%emt 0:00:00]} axb6 {[%emt 0:00:00]} 45. Ra8+ {[%emt 0:00:00]} Kh7 46. Qf8 {[%emt 0:02:30]} Qg2+ {[%emt 0:00:15]} 47. Kc3 {[%emt 0:00:00]} Qf3+ {[%emt 0:00:07]} 48. Qxf3 {[%emt 0:00:00]} Bxf3 {[%emt 0:00:00]} 49. Ra1 Bg4 50. Ra8 {[%emt 0:00:00]} Bf3 {[%emt 0:00:44]} 51. Ra1 {[%emt 0:00:00]} h1=Q {[%emt 0:00:30]} 52. Rxh1+ {[%emt 0:00:00]} Bxh1 {[%emt 0:00:03]} 53. Kb4 {[%emt 0:00:09]} Bxe4 {[%emt 0:00:06]} 54. Kb5 {[%emt 0:00:17]} Bd3 {[%emt 0:00:03]} 0-1

[Event "Israeli Open Championship 2019"]
[Site "Jerusalem"]
[Date "2019.12.12"]
[Round "1.9"]
[White "Dvoirys, Semen I."]
[Black "Gunders, Elad"]
[Result "1-0"]
[WhiteElo "2467"]
[BlackElo "1803"]
[Annotator "ChessBase"]
[PlyCount "51"]
[EventDate "2019.12.12"]
[EventType "swiss"]
[EventCountry "ISR"]
[SourceTitle "playchess.com"]
[Source "ChessBase"]
[SourceQuality "1"]
[TimeControl "5400+30"]

1. e4 {[%emt 0:00:00]} c5 {[%emt 0:00:00]} 2. Nf3 {[%emt 0:00:00]} e6 {[%emt 0:00:00]} 3. d4 {[%emt 0:00:00]} cxd4 {[%emt 0:00:00]} 4. Nxd4 {[%emt 0:00:00]} Nf6 {[%emt 0:00:03]} 5. Nc3 {[%emt 0:00:00]} Nc6 {[%emt 0:00:10]} 6. a3 {[%emt 0:00:39]} Be7 {[%emt 0:02:46]} 7. Be2 {[%emt 0:01:17]} a6 {[%emt 0:01:54]} 8. O-O {[%emt 0:00:41]} O-O {[%emt 0:01:30]} 9. Be3 {[%emt 0:00:31]} Qc7 {[%emt 0:03:33]} 10. f4 {[%emt 0:00:36]} d6 {[%emt 0:00:39]} 11. Kh1 {[%emt 0:05:30]} b5 {[%emt 0:08:15]} 12. Qe1 {[%emt 0:00:13]} Rd8 {[%emt 0:03:40]} 13. Nxc6 {[%emt 0:11:51]} Qxc6 {[%emt 0:00:12]} 14. e5 {[%emt 0:00:06]} Nd5 {[%emt 0:05:46]} 15. Nxd5 {[%emt 0:02:34]} exd5 {[%emt 0:00:10]} 16. Bd3 {[%emt 0:02:02]} dxe5 {[%emt 0:25:04]} 17. fxe5 {[%emt 0:00:07]} d4 {[%emt 0:01:24]} 18. Qf2 {[%emt 0:18:24]} dxe3 {[%emt 0:11:17]} 19. Qxf7+ {[%emt 0:00:13]} Kh8 {[%emt 0:00:03]} 20. Qxe7 {[%emt 0:00:10]} Bb7 {[%emt 0:05:44]} 21. Rf3 {[%emt 0:01:42]} Re8 {[%emt 0:07:34]} 22. Qg5 {[%emt 0:04:26]} Qc7 {[%emt 0:08:32]} 23. Rxe3 {[%emt 0:01:07]} Rf8 {[%emt 0:00:13]} 24. Rh3 {[%emt 0:05:42]} Qf7 {[%emt 0:02:33]} 25. Rxh7+ {[%emt 0:00:38]} Kg8 {[%emt 0:00:01]} 26. Rh8+ {[%emt 0:44:31]} 1-0

[Event "Israeli Open Championship 2019"]
[Site "Jerusalem"]
[Date "2019.12.12"]
[Round "1.10"]
[White "Yehoshua, Azgad"]
[Black "Birnboim, Nathan"]
[Result "0-1"]
[WhiteElo "1746"]
[BlackElo "2393"]
[Annotator "ChessBase"]
[PlyCount "41"]
[EventDate "2019.12.12"]
[EventType "swiss"]
[EventCountry "ISR"]
[SourceTitle "playchess.com"]
[Source "ChessBase"]
[SourceQuality "1"]
[TimeControl "5400+30"]

1. e4 {[%emt 0:00:00]} e6 {[%emt 0:00:00]} 2. d4 {[%emt 0:00:00]} d5 {[%emt 0:00:00]} 3. exd5 {[%emt 0:00:14]} exd5 {[%emt 0:00:00]} 4. Bd3 {[%emt 0:00:28]} Nc6 {[%emt 0:00:33]} 5. c3 {[%emt 0:02:09]} Bd6 {[%emt 0:00:47]} 6. Ne2 {[%emt 0:00:51]} Qf6 {[%emt 0:01:29]} 7. Na3 {[%emt 0:09:32]} a6 {[%emt 0:04:05]} 8. Ng3 {[%emt 0:17:05]} Kf8 {[%emt 0:30:07]} 9. O-O {[%emt 0:26:48]} h5 {[%emt 0:00:30]} 10. Nc2 {[%emt 0:09:10]} Nce7 {[%emt 0:04:10]} 11. Be3 {[%emt 0:13:58]} Ng6 {[%emt 0:05:30]} 12. f4 {[%emt 0:04:00]} Bg4 {[%emt 0:10:28]} 13. Qd2 {[%emt 0:01:13]} N6e7 {[%emt 0:03:28]} 14. f5 {[%emt 0:02:36]} Bxg3 {[%emt 0:00:54]} 15. hxg3 {[%emt 0:02:40]} Bxf5 {[%emt 0:06:23]} 16. Bxf5 {[%emt 0:05:48]} Nxf5 {[%emt 0:00:17]} 17. Bg5 {[%emt 0:00:35]} Qg6 {[%emt 0:00:43]} 18. Qf4 {[%emt 0:00:45]} Nd6 {[%emt 0:01:43]} 19. Rae1 {[%emt 0:00:43]} Qxc2 {[%emt 0:01:39]} 20. Rf2 {[%emt 0:00:47]} Qg6 {[%emt 0:00:17]} 21. Rfe2 {[%emt 0:01:08] Ke8} 0-1